Loading...
On aggression/
| Main Author: | |
|---|---|
| Format: | Printed Book |
| Published: |
London:
Routledge,
2002.
|
| Subjects: |
| LEADER | 00507nam a22001691a 4500 | ||
|---|---|---|---|
| 999 | |c 32152 |d 32152 | ||
| 020 | |a 9780415283205 | ||
| 082 | |a 591.5 |b KON/O | ||
| 100 | |a Konrad Lorenz | ||
| 245 | |a On aggression/ |c by Konrad Lorenz. | ||
| 260 | |a London: |b Routledge, |c 2002. | ||
| 300 | |a 306p. | ||
| 650 | |a Animal Behaviour | ||
| 650 | |a Zoology | ||
| 650 | |a Science | ||
| 942 | |c BK | ||
| 952 | |0 0 |1 0 |4 0 |6 591_500000000000000_KON_O |7 0 |9 46590 |a SSUS |b SSUS |d 2015-01-08 |g 325.00 |o 591.5 KON/O |p 046794 |r 2015-01-08 |v 0.00 |w 2015-01-08 |y BK | ||